Controlling - podpora pri riadení výkonnosti procesne orientovaného podniku dizertačná práca

Gespeichert in:
Bibliographische Detailangaben
1. Verfasser: Balogová, Jarmila
Körperschaft: Fakulta podnikového manažmentu EU. Katedra podnikových financií
Weitere Verfasser: Kráľovič, Jozef
Format: Buch
Sprache:Slowakisch
Veröffentlicht: Bratislava 2008
Schlagworte:
Tags: Tag hinzufügen
Keine Tags, Fügen Sie das erste Tag hinzu!

MARC

LEADER 00000nam$a2200000$$$4500
001 0090649
005 20221220121453.6
041 0 |a slo 
044 |a SK 
245 1 0 |a Controlling - podpora pri riadení výkonnosti procesne orientovaného podniku  |b dizertačná práca  |c Jarmila Balogová ; škol. Jozef Kráľovič 
264 1 |a Bratislava  |c 2008 
300 |a 201 s. 
610 2 0 |a kontroling 
610 2 0 |a riadenie podnikové 
610 2 0 |a výkonnosť 
610 2 0 |a podnik 
100 1 |a Balogová, Jarmila 
700 1 |a Kráľovič, Jozef 
710 2 |a Fakulta podnikového manažmentu EU. Katedra podnikových financií